LEADER 01212nam a2200265 4500 001 000000360359 003 CaOOAMICUS 005 20241017112840.0 008 241017s1997 gw 000 u ger r 020 $a3-534-12071-X 040 $aSeMil$bita 100 1 $aNeuner, Peter,$d<1941- >.$0(OLS)http://semarc/name/21595 245 10$aÖkumenische Theologie :$bdie Suche nach der Einheit der christlichen Kirchen /$cPeter Neuner. 264 1$aDarmstadt :$bWissenschaftliche Buchgesellschaft,$c1997. 300 $a305 p. ;$c22 cm 650 4$aEcumenismo - Teologia.$0(OLS)http://semarc/subject/46863 650 4$aMovimento ecumenico.$0(OLS)http://semarc/subject/9007 650 4$aTeologia ecumenica.$0(OLS)http://semarc/subject/9287 850 $aSeMil 852 $aSeMil$W1$xVenegono$y1$m2K V 423$j251787$B251383$CSeMilBibl$Z2$F251383 $81 961 $aBuzzi mons. Franco - Omaggio 996 $6020$a3-534-12071-X$9(OLS)http://semarc/number/301572 996 $6245$aÖkumenische Theologie :$bdie Suche nach der Einheit der christlichen Kirchen$9(OLS)http://semarc/title/450855 996 $6264$aDarmstadt :$bWissenschaftliche Buchgesellschaft$9(OLS)http://semarc/publisher/32002 LEADER 01354nam a2200277 i 4500 001 000000043490 003 CaOOAMICUS 005 20090818000000.0 008 090818s1969 it u000 u ita u 013 $a14660 040 $aSeMil$bita 100 1 $aMetz, Johann-Baptist,$d<1928- >.$0(OLS)http://semarc/name/9868 240 10$aChristliche Anthropozentrik.$0(OLS)http://semarc/title/63928 245 10$aAntropocentrismo cristiano :$bstudio sulla mentalità di Tommaso d'Aquino /$cJohannes Baptist Metz ; saggio introduttivo di Karl Rahner ; traduzione dal tedesco di Aldo Audisio. 260 $aTorino :$bBorla,$c1969. 300 $a148 p. ;$c22 cm. 490 0 $aVeritas salutaris ;$v9 600 04$aTommaso : d'Aquino .$0(OLS)http://semarc/subject/115 650 4$aAntropologia teologica.$0(OLS)http://semarc/subject/2114 700 1 $aAudisio, Aldo.$0(OLS)http://semarc/name/21602 700 1 $aRahner, Karl,$c.$0(OLS)http://semarc/name/61 830 0$aVeritas salutaris ;$v9.$0(OLS)http://semarc/title/6384 850 $aSeMil 852 $aSeMil$W1$xVenegono$y1$m2B II 316$j9645$B9645$CSeMilBibl$Z2$F9645 $81 996 $6245$aAntropocentrismo cristiano :$bstudio sulla mentalità di Tommaso d'Aquino$9(OLS)http://semarc/title/63927 996 $6260$aTorino :$bBorla$9(OLS)http://semarc/publisher/29913